| 000 | 00693cam a2200241 a 4500 | ||
|---|---|---|---|
| 001 | 000009402 | ||
| 005 | 20200929161601.0 | ||
| 008 | 800513s1972 ve 000 f spa d | ||
| 035 | _a(DLC) 80109620 | ||
| 040 |
_aDO-SdBNP _cDLC _dDLC |
||
| 082 |
_aV863.44 _bA414e |
||
| 100 | 1 |
_aAlizo, David, _d1941- _924188 |
|
| 245 | 1 | 0 |
_aEsta vida del diablo : _bnovela / _cDavid Alizo. |
| 260 |
_aCaracas : _bMonte Ávila, _c1972. |
||
| 300 |
_a261 p. ; _c18 cm. |
||
| 490 | 1 |
_aContinente _v406 |
|
| 650 | 4 |
_aNovela venezolana _93962 |
|
| 650 | 4 |
_aLiteratura venezolana _ySIGLO XX _99777 |
|
| 830 | 0 |
_aContinente ; _v406 _95070 |
|
| 910 | _aCatalogación por copia / LC | ||
| 910 | _aWM | ||
| 049 | _aBNGR | ||
| 999 |
_c9162 _d9162 |
||